01895nam a2200385 i 4500003000900000005001700009008004100026017001300067020001500080040004600095041000800141082002800149092000700177099004400184100003800228245007800266250005700344264006200401300003200463336002200495337002400517338003300541504010800574546011600682650003500798650002400833651001000857856005700867905000700924942001900931999001700950952018100967952018101148952018001329EG-GICUC20260121101513.0251216s1977   ua |||| fr||| 00| 0 ara dd  a19764103  a9773060268  a EG-GICUCbarac EG-GICUCd EG-GICUCerda  aara04221a343.6bر ؤ . ا04221  aLaw1 10	343.6 ر ؤ . ا  4 ed - 19770 aرؤوف عبيد.eمؤلف.10aاصول علمي الإجرام والعقاب /cرؤوف عبيد.  aالطبعة الرابعةbمزيدة ومنقحة 1aالقاهرة :bدار الفكر العربي،c1977.  a؛  615 صفحة c24 سم.  2rda contentatext  2rda mediaaComputer  2rda carrieraOnline Resource  aيحتوي على ارجاعات ببليوجرافية
يحتوي على قائمة بالمراجع  aالنص أغلبه باللغة العربية بعض النصوص الإنجليزية والفرنسية14aعلم الإجرام2qrmak14aعلم العقاب1 2qrmak40uhttps://fll.law.cu.edu.eg/fulltext/bks/B10-07114.pdf  a75  2ddccBKe21n0  c50975d50975  00102ddc40718القانون الجنائيaCUbLAW1d2025-12-16l0oLaw1 10	343.6 ر ؤ . ا  4 ed - 1977 1007114	C1pB10-07114r2025-12-16 18:02:41t1w2025-12-16yBK  00102ddc40708القانون الجنائيaCUbLAW1d2025-12-18l0oLaw1 10	343.6 ر ؤ . ا  4 ed - 1977 1007092	C2pB10-07092r2025-12-18 18:37:20t2w2025-12-18yBK  00102ddc40718القانون الجنائيaCUbLAW2d2025-12-18l0oLaw1 10	343.6 ر ؤ . ا  4 ed - 19771007093	C3pB10-07093r2025-12-18 18:38:42t2w2025-12-18yBK